WTO and the globalization of food security (Record no. 4669)
[ view plain ]
| 000 -LEADER | |
|---|---|
| fixed length control field | 00623nam a2200217 4500 |
| 008 - FIXED-LENGTH DATA ELEMENTS--GENERAL INFORMATION | |
| fixed length control field | 240122b |||||||| |||| 00| 0 eng d |
| 082 ## - DEWEY DECIMAL CLASSIFICATION NUMBER | |
| Classification number | 363.8 |
| Item number | INT |
| 942 ## - ADDED ENTRY ELEMENTS (KOHA) | |
| Item Type | Reports |
| 110 ## - MAIN ENTRY--CORPORATE NAME | |
| Corporate Name | International forum on food and agriculture |
| 700 ## - ADDED ENTRY--PERSONAL NAME | |
| Personal name | Ritchie, Mark |
| 700 ## - ADDED ENTRY--PERSONAL NAME | |
| Personal name | Lang, Tim |
| 700 ## - ADDED ENTRY--PERSONAL NAME | |
| Personal name | Rosset, Peter |
| 700 ## - ADDED ENTRY--PERSONAL NAME | |
| Personal name | Altieri, Miguel |
| 700 ## - ADDED ENTRY--PERSONAL NAME | |
| Personal name | Shrybman, Steven |
| 700 ## - ADDED ENTRY--PERSONAL NAME | |
| Personal name | Krebs, Al |
| 700 ## - ADDED ENTRY--PERSONAL NAME | |
| Personal name | Shiva, Vandana |
| 245 ## - TITLE STATEMENT | |
| Title | WTO and the globalization of food security |
| 260 ## - PUBLICATION, DISTRIBUTION, ETC. (IMPRINT) | |
| Place of Publication | New Delhi: |
| Name of Publisher | Research foundation for science, Technology and Ecology |
| Date of Copyright | 1999 |
| 300 ## - PHYSICAL DESCRIPTION | |
| Extent | 29 p. |
| 650 ## - SUBJECT ADDED ENTRY--TOPICAL TERM | |
| Topical Term | FOOD INSECURITY |
| Withdrawn status | Lost status | Source of classification or shelving scheme | Damaged status | Not for loan | Permanent location | Current location | Date acquired | Total Checkouts | Full call number | Barcode | Date last seen | Price effective from | Koha item type |
|---|---|---|---|---|---|---|---|---|---|---|---|---|---|
| Dewey Decimal Classification | Resource center, Muslim Women's Research And Action Forum | Resource center, Muslim Women's Research And Action Forum | 2024-01-22 | 363.8 INT | RAF4907 | 2024-01-22 | 2024-01-22 | Reports |

